[Event "YUG-ch 56th"]
[Site "Herceg Novi"]
[Date "2001.03.29"]
[Round "6"]
[White "Damljanovic, Branko"]
[Black "Tadic, Branko"]
[Result "1-0"]
[WhiteElo "2561"]
[BlackElo "2407"]
[Annotator "Tsesarsky,I"]
[PlyCount "120"]
[EventDate "2001.03.23"]
[EventType "tourn"]
[EventRounds "15"]
[EventCountry "YUG"]
[EventCategory "10"]
[SourceTitle "CBM 083"]
[Source "ChessBase"]
[SourceDate "2001.07.05"]
[SourceVersion "1"]
[SourceVersionDate "2001.07.05"]
[SourceQuality "1"]

1. c4 {Hecht} e6 2. Nf3 d5 3. d4 c6 4. Nbd2 Nf6 5. g3 Nbd7 6. Bg2 Bd6 7. O-O
O-O 8. Qc2 e5 9. cxd5 cxd5 10. dxe5 Nxe5 11. Nxe5 Bxe5 $14 12. Nf3 Bd6 13. Rd1
(13. Be3 {Here Black has wide choise of continuations, but isolated P d5 is
the main factor that define this position as better for White.} Be6 (13... Bd7
14. Qb3 (14. Rfd1 Qa5 15. Qd2 Bb4 16. Qd4 Ba4 17. Bd2 $1 Bxd2 18. Rxd2 $14 {
1-0 Giardelli,S-Tanner,P/Buenos Aires 1993/EXT 2000 (27)}) 14... Bc6 15. Nd4
Re8 16. Rac1 Qd7 17. Nxc6 bxc6 18. Qa4 Rac8 19. Rc2 Rc7 20. Rfc1 $14 {1-0
Horowitz,I-Jaffe,C/New York 1939/EXT 99 (56)}) (13... Re8 14. Qd3 Qa5 15. Bd2
Qb6 16. Bc3 Ne4 17. Bd4 Qa5 18. Rfd1 $14 {1-0 Maslanka,R-Blumel,O/Bratislava
1989/EXT 2001 (44)}) (13... b6 14. Bd4 Bb7 15. Ng5 g6 16. Rad1 h6 17. Nh3 Ne8
18. Qd2 $16 {1-0 Foisor,O-Garcia Gomez,P/Linares 1994/TD (32)}) (13... Bg4 14.
Rac1 Re8 15. Rfe1 Qd7 16. Qb3 Be6 17. Bd4 $14 {1-0 Perelman,H-De Dovitiis,A/
Buenos Aires 1997/EXT 99 (34)}) (13... Qa5 14. Bd4 Ne4 15. a3 Bd7 16. b4 Qb5
17. Qb2 f6 18. Be3 $14 {1-0 Slavina,I-Erdyneeva,T/Kolontaevo 1998/EXT 2000 (44)
}) 14. Rac1 (14. Bd4 Rc8 15. Qb3 $14 {1/2-1/2 Rubinetti,J-Saavedra,A/Pinamar
1973/EXT 99 (33)}) (14. Ng5 h6 15. Nxe6 fxe6 16. Rac1 $14 {1-0 Janssen,
R-Weisbrod,A/Ruhrgebiet 1999/EXT 2001 (55)}) 14... Rc8 (14... Qd7 15. Bd4 Bf5
16. Qb3 Rfe8 17. Bxf6 gxf6 18. Qxd5 $16 {1/2-1/2 Martin Capitan,F-Sumelzo,J/
Catalunya 1996/EXT 99 (39)}) 15. Qa4 a6 16. Nd4 Qd7 17. Qb3 $14 {1-0 Opocensky,
K-Plomion,G/Nice 1938/EXT 99 (35)}) 13... Be6 (13... Bd7 14. Bg5 Rc8 15. Qd3
Be6 16. Nd4 h6 17. Be3 a6 18. Rac1 $14 {1/2-1/2 Wheeler,J-Gordon,W/Chicago
1993/EXT 97 (75)}) (13... Re8 14. Bg5 Be6 15. Nd4 $14 {1-0 Rogers,I-Handoko,E/
Jakarta 1993/CBM 35 (74)}) 14. Qb3 (14. Nd4 Rc8 (14... Qd7 15. Bg5 Be7 16. Qb3
Rad8 17. Rac1 $14 {1-0 Teran Alvarez,I-Chan Mah,E/Rotterdam 1998/EXT 99 (35)})
15. Qb3 Qd7 16. Bg5 Be5 17. Nf3 Bd6 18. Bxf6 gxf6 19. Nh4 $16 {1-0 Langeweg,
K-Gomez,A/Marbella 1982/MCD (44)}) (14. Be3 Qd7 15. Bd4 Rfc8 16. Qb3 $14 {
1-0 De Castro,A-Asfora,E/Garanhuns 1986/EXT 2000 (32)}) 14... Qb6 (14... Qd7
15. Nd4 $14) 15. Qxb6 axb6 {[%csl Rb6,Rb7,Rd5]} 16. Nd4 Bc5 17. Bg5 Ra4 $6 $16
{Black really doesn't take care on his PP chain...} (17... Ne4 $142 18. Bf4 (
18. Be3 Rfc8 19. Rac1 $1 $14) 18... Ra4 19. Be3 Rfa8 20. a3 $14) 18. Bxf6 gxf6
19. Nc2 (19. Nb3 Re8 (19... Rd8 20. e3 $16 {[%csl Rb6,Rb7,Rd5,Rf6,Rf7]}) 20. e3
$16 {[%csl Rb6,Rb7,Rd5,Rf6,Rf7]}) 19... Bf5 (19... Rc4 20. Ne1 Re8 21. a3 b5
22. e3 b4 (22... d4 23. b3 dxe3 24. bxc4 exf2+ 25. Kh1 fxe1=Q+ 26. Rxe1 bxc4
27. Bxb7 Rb8 28. Be4 $16) 23. axb4 Bxb4 24. Bxd5 Bxd5 25. Rxd5 Bxe1 26. Rxe1
Rc2 27. Rb5 $16) 20. b3 $1 {Forces an endgame with RR and opposite coloured BB.
} (20. Ne1 $143 $6 Be4 21. b3 Ra5 22. Bxe4 dxe4 23. Nc2 Raa8 24. b4 $14) 20...
Bxc2 ({Or} 20... Raa8 21. Nd4 $16) 21. bxa4 Bxd1 22. Rxd1 {Hecht: '[#] Sehr
schlechte schwarze Bauernstruktur am Königsflügel. Schwarz findet in den 40-er
Zügen keinen guten Standort für seinen Läufer, der schließlich verloren geht. '
} Ra8 (22... d4 $142 {Hecht} 23. Bxb7 Re8 24. Kf1 Re7 25. Ba6) 23. Rxd5 (23.
Bxd5 $6 Rxa4 24. Bb3 Rd4 $14) 23... Rxa4 24. Rd8+ Kg7 25. Bd5 {[%csl Rf7]} Rd4
26. Rd7 Be7 $1 27. e4 (27. e3 Rd2 28. Rxe7 Rxd5 29. Rxb7 Ra5 30. Rxb6 Rxa2 $44)
27... Kf8 {[%cal Gf6f5]} 28. g4 $1 b5 (28... h5 29. gxh5 $1 (29. h3 hxg4 30.
hxg4 $16 Ke8 31. Rxb7 Bc5 $44 {[%csl Rf2][%cal Gd4d2]}) 29... f5 30. h6 (30. f3
fxe4 31. fxe4 f5 32. h6 Bc5 33. Kg2 Rd2+ 34. Kf3 (34. Kh3 Rd3+ 35. Kg2 (35. Kh4
fxe4 36. h7 Bd4 37. Rf7+ Ke8 38. Rf4 Bh8 39. Bxe4 $18)) 34... Rxh2 35. h7 fxe4+
36. Bxe4 Ke8 37. Rxb7 Bd4 38. Bg6+ Kd8 39. Ke4 Kc8 40. Rf7 Bc3 41. Kd5 Rxa2 42.
Kc6 Kb8 43. Be4 Ra4 44. Rb7+ Ka8 (44... Kc8 45. Bf5+ Kd8 46. Rd7+ Ke8 47. Bg6+
Kf8 48. Rf7+ $18) 45. Re7 Kb8 46. Re8+ Ka7 47. Kc7 $18) 30... fxe4 31. h7 (31.
Rxe7 Rxd5 32. Rxb7 Kg8 33. Rxb6 Ra5 $44) 31... Kg7 32. Rxe7 Rxd5 33. Rxf7+ Kh8
34. Rxb7 Ra5 35. Rxb6 Rxa2 36. Rb7 e3 $1 37. Rb8+ (37. fxe3 $2 Rg2+ 38. Kf1
Rf2+ 39. Ke1 Re2+ 40. Kd1 Rd2+ 41. Kc1 Rc2+ 42. Kb1 Rc1+ 43. Kb2 Rb1+ $11)
37... Kxh7 38. fxe3 Re2 $16) (28... Rd2 29. Rxb7 Ke8 30. Rxb6 $18) 29. Rxb7 b4
30. h4 h6 31. Kg2 Rd3 {What to do? White realises an interesting plan with R
transfer to the 5-th horizontal with options to attack Ph6 from h5 and Pf7 by
virtual break g4-g5. From f5 the white R also protects Pf2!} (31... Rd2 32. Kg3
Rd3+ 33. Kg2 Rd2 34. Bb3 Ke8 (34... f5 $6 35. gxf5 Bxh4 36. e5 Rxf2+ 37. Kh3
Bd8 38. f6 $18) 35. Rb5 $18 {[%cal Gb5f5,Gf5h5] - like in our game - see below.
}) 32. Rb8+ Kg7 33. Re8 Bc5 34. Rc8 Bd6 35. Rd8 Be7 36. Rd7 Kf8 37. Rb7 Rc3 38.
Bb3 Rd3 39. Rb5 {the same position we already saw above.} Rd7 40. Rf5 Bd8 {
Black is ready to a kingside attack, but White has time and wants to promote
Pa2-a4 if the black B will be placed on c3 and will be attacked.} 41. Kf1 Kg7
42. Ke2 Re7 43. Bd5 Bb6 ({Die Radikallösung} 43... h5 $2 {Hecht} 44. Rxh5 Re5
45. g5 fxg5 46. f4 $18 {scheitert, z.B.} Kg6 47. Bxf7+ {oder Th8}) (43... Re5
$5 {(Hecht) aktiver Widerstand} 44. Rf3 h5 45. g5 fxg5 46. Rxf7+ Kg6 47. Rb7 g4
48. Rxb4 Bxh4 49. Rb6+ $16) (43... Rd7 $5 {(Hecht) passiver Widerstand} 44. f4
Be7 45. g5 hxg5 46. hxg5 Bd8 47. gxf6+ Bxf6 48. Bb3 Bc3 49. e5 $16 {noch immer
bleibt die Schwäche f7}) 44. Kd3 {[%csl Rb4][%cal Gd3c4]} Rc7 45. f4 Bf2 46. h5
Bh4 (46... Rc5 $2 {Hecht} 47. g5 $18) (46... Bc5 $5 {(Hecht) erlaubt das
Einsickern des Königs} 47. Kc4 Bf8+ 48. Kb5 Ra7 49. Kb6 Re7 50. Kc6 $16 Ra7 {
und es sieht so aus, als ob der Turm, der f7 gedeckt halten muss, nicht
ausmanövriert werden kann.}) 47. Bc4 Be1 ({On} 47... Rd7+ {Strong is} 48. Kc2
$1 (48. Bd5 Rc7) (48. Ke3 $5 Be1 49. Ke2 Bc3 50. Rc5 Rd2+ 51. Kf3 Rf2+ 52. Ke3
(52. Kg3 Be1) 52... Rg2 53. Rc7 Rg3+ 54. Ke2 Rxg4 55. Bxf7 Kf8 56. Bd5 Rxf4 57.
Rf7+ Ke8 58. Rh7 f5 59. Rxh6 fxe4 60. Ke3 $16) 48... Be1 49. Kb3 Re7 50. Bd5
Rc7 51. Ka4 Rc5 52. g5 $1 {Original White's idea...} Bc3 (52... hxg5 53. fxg5
fxg5 54. Rxg5+ Kh6 55. Rg1 Bc3 56. Bxf7 $18) 53. gxf6+ Kf8 54. Kb3 (54. Re5 {
met by fantastic refution!} Ra5+ 55. Kxa5 (55. Kb3 Ra3+ 56. Kc4 Bxe5 57. fxe5
Rxa2 58. Kxb4 $15) 55... b3+ 56. Ka4 b2 57. Kb3 b1=Q+ (57... Bxe5 58. Kc2 Bxf4
59. Kxb2 (59. a4 Be5 60. a5 Bxf6 61. a6 Bd4 62. Ba2 Ke7 63. Kd3 Ba7 $11) 59...
Be5+ 60. Kb3 Bxf6 61. a4 Bh4 62. a5 f6 63. a6 Bf2 64. Kb4 Ke7 65. Kb5 Kd7 $44)
58. Kxc3 Qe1+ {White can't avoid perpetuum check...} 59. Kb3 Qe3+ 60. Kc4 Qe2+
(60... Qxf4 61. Re7 $18) 61. Kb4 Qd2+ 62. Kb5 Qd3+ 63. Bc4 Qd7+ 64. Kb4 Qd6+
$44) 54... Bd2 55. Re5 Bxf4 56. Re7 Rc7 57. Rxc7 Bxc7 58. Kxb4 Be5 59. a4 Bxf6
60. a5 Ke7 61. Kc5 $18) 48. Rb5 Re7 49. Rc5 Bh4 (49... Bf2 $5 50. Rc6 $18 {
[%csl Rb4][%cal Gc4d5,Gd3c4]}) 50. Rc6 Bg3 51. Ke3 Rd7 52. Bd5 Be1 53. Ke2 Bg3
54. Kf3 Be1 55. Rc1 Bd2 56. Rc2 Be1 57. Ke2 Bg3 (57... Bc3 58. a4 Ra7 59. Ra2
Ra5 60. Kd3 Kf8 61. Kc4 Ke7 62. Kb3 Ke8 63. Rc2 $18) 58. Ke3 Ra7 $6 {[%csl Rg3]
Hecht: 'Der Läuferstandort c3 könnte zur Mobilisierung des a-Bauern genutzt
werden. Etwa so:'} (58... Be1 59. Rc1 Bc3 60. a4 $18 {Another idea noted above.
} Ra7 61. Bb3 $18) 59. Rc1 Ra3+ 60. Bb3 Ra7 (60... Ra7 61. Rg1 Bh4 62. Rh1 Bg3
63. Kf3 $18 {[%csl Rg3]}) 1-0

[Event "FIDE-Wch k.o."]
[Site "Las Vegas"]
[Date "1999.07.31"]
[Round "1.1"]
[White "Tkachiev, Vladislav"]
[Black "Hoffman, Alejandro"]
[Result "1-0"]
[WhiteElo "2648"]
[BlackElo "2524"]
[Annotator "Tsesarsky,I"]
[PlyCount "49"]
[EventDate "1999.07.31"]
[EventType "k.o."]
[EventRounds "7"]
[EventCountry "USA"]
[SourceTitle "CBM 072"]
[Source "ChessBase"]
[SourceDate "1999.10.01"]
[SourceVersion "1"]
[SourceVersionDate "1999.10.01"]
[SourceQuality "1"]

{[%mdl 16384]} 1. d4 Nf6 2. Nf3 e6 3. c4 d5 4. g3 c6 5. Bg2 Nbd7 6. Qc2 Bd6 7.
O-O O-O 8. Rd1 Qe7 9. Nc3 (9. b3 b6 (9... Rd8 10. Nc3 dxc4 11. bxc4 e5 12. d5 (
12. dxe5 Nxe5 13. Nxe5 Bxe5 14. Ba3 Qc7 15. Rxd8+ Qxd8 16. Rd1 Qc7 17. Na4 Be6
18. f4 Ng4 19. Qc1 Bf6 20. h3 Qa5 21. Nc5 Be7 22. Nxe6 Bxa3 23. Qd2 Bb4 24.
Qd8+ Rxd8 25. Rxd8+ Qxd8 26. Nxd8 Ne3 27. Nxb7 Nxc4 28. Bxc6 $14) 12... cxd5
13. cxd5 Nb6 14. Nd2 Bd7 15. a4 Rac8 16. Qb3 Bf5 17. e4 Bg4 18. f3 Bh5 19. Nb5
Bc5+ 20. Kh1 $14 {1-0 Klee,M-Feige,M/Sachsen-ch Gruenheide 1996/EXT 96ch2 (59)}
) (9... e5 10. cxd5 Nxd5 11. Nbd2 Nb4 12. Qb1 exd4 13. Nxd4 c5 14. Nf5 Qxe2 15.
Bb2 Be5 16. Be4 (16. Nc4 Bxb2 17. Qxb2 Qxb2 18. Nxb2 Nb6 19. Ne7+ Kh8 20. Nxc8
Raxc8 21. Bxb7 $14) 16... Bxb2 17. Qxb2 Nf6 18. Bf3 (18. Re1 Qh5 $17) 18... Nd3
(18... Qxf2+ 19. Kxf2 Nd3+ 20. Kg2 Nxb2 21. Ne7+ Kh8 22. Rdb1 Nd3 23. Nxc8
Raxc8 24. Bxb7 Rc7 $17) 19. Bxe2 Nxb2 20. Ne7+ Kh8 21. Re1 Be6 $17 {1-0 Pinho,
P-Conceicao,P/Lisbon POR 1998 (38)}) 10. a4 a5 11. Nc3 Bb7 12. e4 Nxe4 13. Nxe4
dxe4 14. Qxe4 Nf6 15. Qh4 c5 16. Bb2 Rfd8 17. Re1 cxd4 18. Bxd4 Bc5 19. Rad1
Bxd4 20. Rxd4 Qb4 21. Re3 Qc5 $11 {1/2-1/2 Bach,A-Danilov,V/ROM 1993 (31)})
9... Rd8 (9... dxc4 10. Nd2 e5 (10... Nb6 11. Nce4 e5 (11... Nxe4 12. Nxe4 e5
13. a4 exd4 14. Nxd6 Qxd6 15. a5 Be6 16. Bf4 Qc5 17. axb6 axb6 18. e3 (18. Qd2
$14) 18... d3 19. Qc3 b5 $132 {1-0 Pecorelli Garcia,H-Hernando Rodrigo,J/Santa
Clara CUB 1999 (53)}) 12. Nxd6 Qxd6 13. Nxc4 Nxc4 14. Qxc4 Be6 15. Qd3 h6 16.
b3 Qxd4 17. Qxd4 exd4 18. Rxd4 Rfd8 19. Bb2 Rxd4 20. Bxd4 $14 {1/2-1/2
Zimmerman,Y-Horvath,M/Bratislava ,EXT 1993 (108)}) 11. Nxc4 Bc7 12. d5 cxd5 13.
Nxd5 Nxd5 14. Bxd5 Nb6 15. Nxb6 Bxb6 16. Qe4 Kh8 17. Be3 f5 18. Qd3 Bxe3 19.
Qxe3 f4 $132 {1/2-1/2 Grosch,M-Stanciu,G/Balatonfured ztW 1987/EXT 87 (30)}) (
9... b6 10. e4 dxe4 11. Nxe4 Nxe4 12. Qxe4 Bb7 13. Bg5 f6 (13... Nf6 14. Qh4 h6
(14... Rfd8 15. Ne5 Rac8 16. Ng4 $18 {1-0 Kobylkin,E-Vavra/EU-chJM U10
Rimavska Sobota ,EXT 1992 (19)}) 15. Bxf6 Qxf6 16. Qxf6 gxf6 $11) 14. Bf4 $14)
10. e4 Nxe4 11. Nxe4 dxe4 12. Qxe4 c5 (12... Nf6 13. Qd3 Bd7 14. Be3 e5 15.
dxe5 Bxe5 16. Nxe5 Bg4 17. Nxg4 Rxd3 18. Nxf6+ Qxf6 19. Rxd3 Qxb2 20. Rad1 $18
{1/2-1/2 Stanincha K J-Walkner Karl/Werfen AUT 1992 (26)}) 13. Bf4 (13. Bg5 Nf6
14. Qe3 cxd4 15. Rxd4 h6 16. Bf4 Bxf4 17. Rxd8+ Qxd8 18. Qxf4 Bd7 19. Rd1 $14)
13... Nf6 14. Bxd6 Rxd6 15. Qe5 Nd7 (15... cxd4 16. Nxd4 $14) 16. Qe3 a5 (16...
cxd4 17. Nxd4 Qf6 18. b3 a6 $14) 17. dxc5 Rxd1+ $2 {Not clearly why black
concede to the opponent an open line.} (17... Nxc5 18. Rxd6 (18. Rac1 Raa6 $1
19. b3 Rxd1+ 20. Rxd1 Rd6 21. Rd4 Rxd4 22. Nxd4 e5 23. f4 f6 24. Bd5+ Kf8 $11)
18... Qxd6 19. Qe2 Bd7 20. Rd1 Qc7 21. Ne5 (21. Qe5 Rc8 $11) 21... Be8 22. f4
Rd8 $11) 18. Rxd1 Nxc5 19. Nd4 g6 (19... e5 20. Nb5 Bg4 21. Rd4 Bf5 22. Nd6 Qf6
(22... Bg6 23. Rd5 $18) 23. Rd5 Nd7 24. Nxb7 $18) 20. Nb5 Ra6 $2 $18 (20... a4
21. Nd6 Na6 22. Qb6 $16) 21. Qe5 Bd7 (21... Ra8 22. Qc7 Bd7 23. Nd6 $18) 22.
Nc7 f6 23. Qe3 Kg7 (23... Ra7 24. Nd5 Qf8 25. Nxf6+ Qxf6 26. Qxc5 $18) 24. Nxa6
bxa6 25. b3 1-0

[Event "Cutro 05th"]
[Site "Cutro"]
[Date "1999.04.28"]
[Round "6"]
[White "Romanishin, Oleg M"]
[Black "Pegorari, Pietro"]
[Result "1-0"]
[WhiteElo "2572"]
[BlackElo "2385"]
[Annotator "Tsesarsky,I"]
[PlyCount "48"]
[EventDate "1999.04.??"]
[EventType "tourn"]
[EventRounds "11"]
[EventCountry "ITA"]
[EventCategory "10"]
[SourceTitle "CBM 071"]
[Source "ChessBase"]
[SourceDate "1999.08.01"]
[SourceVersion "1"]
[SourceVersionDate "1999.08.01"]
[SourceQuality "1"]

1. d4 d5 2. c4 c6 3. Nf3 e6 4. g3 Nf6 5. Bg2 Bd6 6. O-O Nbd7 7. Qc2 O-O 8. Bg5
(8. Nbd2 dxc4 (8... a5 9. b3 b5 10. e4 e5 11. exd5 cxd5 12. dxe5 Nxe5 13. cxb5
Be6 14. a4 $16 {1-0 Roth,R-Klyszcz,M/Bargteheide op 1988/EXT 88op2 (35)}) (8...
a6 9. Rd1 b6 10. e4 $5 (10. cxd5 cxd5 11. Qc6 Qc7 12. Qxa8 Bb7 13. Qxf8+ Kxf8 (
13... Nxf8 14. Nb3 Qc2 15. Rd2 Qf5 16. Nh4 $14) 14. Nb3 Qc2 15. Rd2 $14) 10...
Be7 $14 {1/2-1/2 Schulze,U-Hamzabegovic,M/Bern Switzerland 1995 (46)}) 9. Nxc4
Bc7 10. e4 $14 {1-0 Opocensky,K-Brach,J/Bratislava CZE-ch 1959 (51)}) (8. cxd5
exd5 9. Nc3 Qe7 10. Nh4 Nb6 11. Nf5 Bxf5 12. Qxf5 Rfe8 $11 {1-0 Nascimento,
A-Chaves,J/Guarapuava 1992 (42)}) (8. c5 Bc7 9. Bf4 Re8 10. Nbd2 e5 11. dxe5
Nxe5 12. Bxe5 Bxe5 13. Nxe5 Rxe5 14. Nf3 Bf5 15. Qc1 Re7 16. Nd4 Qd7 17. Rd1
Rae8 $132 {1/2-1/2 Papaioannou,I-Skembris,S/Portaria ch-GR(4) 1996 (33)}) 8...
h6 9. Bxf6 Qxf6 (9... Nxf6 10. Nbd2 b6 (10... Re8 11. e4 Nxe4 12. Nxe4 dxe4 13.
Qxe4 c5 14. dxc5 Bxc5 {1/2-1/2 Schlosser,P-Lau,R/Regensburg op 1996 (16)}) 11.
e4 dxe4 12. Nxe4 Nxe4 13. Qxe4 Bb7 14. Ne5 Rc8 15. Rad1 (15. Rfd1 Qe7 (15...
Qc7 16. c5 bxc5 (16... Bxe5 17. cxb6 axb6 18. dxe5 $14) 17. Nd7 Rfd8 18. Nxc5
Qb6 19. b4 $14 {1-0 Gheorghiu,F-Kamp/Biel MTO op 1993 (40)}) 16. c5 Bxe5 (16...
bxc5 17. dxc5 Bxc5 (17... Bxe5 18. Qxe5 $16) (17... Bc7 18. b4 $16) 18. Rd7 $18
) 17. Qxe5 (17. dxe5 Qxc5 18. Rd7 Rb8 19. b4 Qc3 20. Rad1 $44) 17... Rfd8 18.
b4 $14) 15... Qe7 16. c5 $1 $14 (16. f4 Rfd8 $132 (16... Ba6 $2 17. Nxc6 (17.
Rfe1 $2 c5 18. d5 exd5 19. cxd5 Rce8 20. Bh3 $14 (20. Qf5 Bc8 21. Qh5 $14 {
1/2-1/2 Wojtkiewicz,A-Machulsky,A/New York 1990 (21)})) 17... Qc7 (17... Rxc6
18. Qxc6 Rc8 19. Qa4 Bxc4 20. Rc1 b5 21. Qa6 $16) 18. b3 Bb7 19. Ne7+ $16)))
10. Nc3 (10. Nbd2 Re8 (10... e5 11. cxd5 cxd5 12. dxe5 Nxe5 13. Nxe5 Bxe5 14.
Bxd5 Bxb2 15. Rab1 Bd4 16. Bxb7 $14) 11. e4 Bf8 (11... Qg6 12. Nh4 Qh7 13. Rac1
dxe4 14. Bxe4 Qh8 15. Nhf3 $14 {[%csl Rh8]}) 12. Rfe1 (12. e5 $14) 12... Nb6
$14 (12... dxc4 13. Nxc4 b5 14. e5 Qd8 15. Nd6 Bxd6 16. Qxc6 Nb6 17. exd6 Bd7
18. Qe4 Rc8 19. Ne5 $16 {1-0 Hutters,T-Willumsen,H/Aarhus 1989 (38)})) 10...
Qe7 11. Rfd1 Re8 (11... dxc4 $5 12. Nd2 Nb6 (12... e5 13. Nxc4 exd4 14. Nxd6
Qxd6 15. e3 c5 16. exd4 cxd4 17. Nb5 Qc5 18. Qxc5 Nxc5 19. Rxd4 $16 {[%cal
Gg2b7]}) 13. Nce4 Bc7 14. Nxc4 Nxc4 15. Qxc4 e5 16. d5 cxd5 17. Qxd5 Bg4 $11)
12. e4 dxe4 (12... dxc4 13. e5 Bc7 14. Nd2 Nb6 (14... c5 15. Nb5 Bb6 16. Nxc4
$16) 15. Nce4 Qb4 (15... Bd7 16. Nxc4 Nxc4 17. Qxc4 $14) 16. a3 Qb5 17. a4 Qb4
18. a5 Nd5 19. Nxc4 $14) 13. Nxe4 c5 $2 $16 (13... Bc7 $14) 14. Qa4 (14. Nxd6
Qxd6 15. Rd2 cxd4 16. Nxd4 Nf6 17. Rad1 e5 18. Nb5 Qe7 19. h3 $16) 14... cxd4 (
14... Nb6 15. Qa5 Nxc4 (15... Bc7 16. dxc5 Nxc4 17. Qb5 Na5 18. Nd6 $16) 16.
Qb5 f5 17. Nxc5 Nb6 18. Ne5 $16) 15. Nxd6 Qxd6 16. Nxd4 (16. Rxd4 Qe7 17. Rad1
$16) 16... Qe7 17. Rac1 Nc5 18. Qa3 a5 {Black makes weaks in the Queen side.} (
18... e5 19. Nb5 Ne6 (19... Bg4 20. f3 Be6 21. Nd6 $18 {[%csl Rc5,Re8]}) 20.
Qe3 Nf8 (20... Ng5 21. h4 Nh3+ 22. Kh2 Nf4 23. gxf4 Bg4 24. Re1 Qxh4+ 25. Kg1
$18) 21. Nxa7 Bg4 22. Rd5 Ng6 23. Rb5 $16) 19. Nb5 Ra6 20. Rd2 Rf8 (20... e5
21. Rcd1 b6 22. Nd6 Rf8 23. Qf3 Be6 24. Qh5 $16) 21. Rcd1 b6 22. Rd6 Nb7 (22...
e5 23. Qe3 $16 {[%csl Ra6,Rb6][%cal Gd1d6]}) 23. Rc6 (23. Bxb7 Bxb7 24. c5 Bd5
(24... bxc5 25. Rd7 $18) 25. Nc3 Ba8 26. b4 bxc5 27. Rxa6 axb4 28. Qa5 Qb7 29.
Rxa8 Qxa8 (29... Rxa8 30. Rd8+ $16) 30. Qxa8 Rxa8 31. Ne4 c4 (31... Rxa2 32.
Nxc5 $16) 32. Rd2 c3 33. Rc2 Rc8 34. Kf1 $16) 23... Qxa3 24. Nxa3 Nd8 $4 (24...
Nc5 25. Nb5 Bb7 (25... e5 26. Rdd6 f6 27. Rxb6 Rxb6 28. Rxb6 Rd8 29. Rd6 $18)
26. Rxc5 Bxg2 27. Rc7 Bf3 28. Rd6 $16) (24... Nd8 25. Rxc8 $18) 1-0